महाराष्ट्र राज्य : उत्पादनाचीं साधनें (Record no. 92654)

MARC details
000 -LEADER
fixed length control field 00684nam a2200157Ia 4500
008 - FIXED-LENGTH DATA ELEMENTS--GENERAL INFORMATION
fixed length control field 090124s9999 xx 000 0 und d
082 ## - DEWEY DECIMAL CLASSIFICATION NUMBER
Item number 23747
245 ## - TITLE STATEMENT
Title महाराष्ट्र राज्य : उत्पादनाचीं साधनें
250 ## - EDITION STATEMENT
Edition statement 0
260 ## - PUBLICATION, DISTRIBUTION, ETC. (IMPRINT)
Name of publisher, distributor, etc टिळक महाराष्ट्र विद्यापीठ
Date of publication, distribution, etc 1972
300 ## - PHYSICAL DESCRIPTION
Extent 120
630 ## - SUBJECT ADDED ENTRY--UNIFORM TITLE
Uniform title महाराष्ट्र राज्य : उत्पादनाचीं साधनें
700 ## - ADDED ENTRY--PERSONAL NAME
Personal name आपटे न . गं .
730 ## - ADDED ENTRY--UNIFORM TITLE
Uniform title महाराष्ट्र राज्य : उत्पादनाचीं साधनें
942 ## - ADDED ENTRY ELEMENTS (KOHA)
Koha item type Book
Holdings
Withdrawn status Lost status Damaged status Not for loan Home library Current library Date acquired Cost, normal purchase price Total Checkouts Full call number Barcode Date last seen Cost, replacement price Price effective from Koha item type
        Nagar Wachan Mandir, Thane Nagar Wachan Mandir, Thane   140.00   23747 THNNWM-23747 01/24/2009 140.00 01/24/2009 Book